BEHAVIOUR MANAGEMENT A WHOLE SCHOOL APPR (Record no. 22492)

MARC details
000 -LEADER
fixed length control field 00386nam a2200145Ia 4500
008 - FIXED-LENGTH DATA ELEMENTS--GENERAL INFORMATION
fixed length control field 240624s9999 xx 000 0 und d
041 ## - LANGUAGE CODE
Language code of text/sound track or separate title eng
082 ## - DEWEY DECIMAL CLASSIFICATION NUMBER
Classification number 371.102 ROG
100 ## - MAIN ENTRY--PERSONAL NAME
Personal name ROGERS BILL
245 ## - TITLE STATEMENT
Title BEHAVIOUR MANAGEMENT A WHOLE SCHOOL APPR
250 ## - EDITION STATEMENT
Edition statement (2nd ed.)
260 ## - PUBLICATION, DISTRIBUTION, ETC.
Date of publication, distribution, etc. 2007
Place of publication, distribution, etc. London
Name of publisher, distributor, etc. Paul Chapman Publishing
300 ## - PHYSICAL DESCRIPTION
Extent x, : 294 : p. : cm. ; 23
365 ## - TRADE PRICE
Currency code GBP
Price amount 28
Holdings
Withdrawn status Lost status Damaged status Not for loan Home library Current library Shelving location Date acquired Source of acquisition Cost, normal purchase price Full call number Barcode Date last seen Copy number Price effective from Koha item type
        IMTN IMTN Rack 16-B 03/24/2014 RW 76.00 371.102 ROG 22492 06/24/2024 108.9 06/24/2024 Books
Designed & Maintained by: LRC IMT Nagpur Contact: lrc@imtnag.ac.in© 2024. All Rights Reserved.